| 000 | 00938nam a22003017a 4500 | ||
|---|---|---|---|
| 001 | 200461631 | ||
| 003 | TR-AnTOB | ||
| 005 | 20241119101715.0 | ||
| 008 | 240708b tu ||||| |||| 00| 0 tur d | ||
| 020 | _a9788753102353 | ||
| 040 |
_aTR-AnTOB _beng _erda _cTR-AnTOB |
||
| 041 | _atur | ||
| 092 |
_a823.914 _bBUT 2021 |
||
| 100 | 1 |
_aButchart, Pamela _9146222 |
|
| 245 |
_a Yoksa öğretmenim bir uzaylı mı? / _cPamela Butchart ; Türkçesi: Acar Erdoğan ; resimleyen: Flintham, Thomas |
||
| 250 | _a5. bs. | ||
| 260 |
_aİstanbul : _bMavibulut ; _c2021. |
||
| 300 |
_a172 Pages. : _bill. ; _c20 cm. |
||
| 336 |
_atext _btxt _2rdacontent |
||
| 337 |
_aunmediated _bn _2rdamedia |
||
| 338 |
_avolume _bnc _2rdacarrier |
||
| 653 | _aİngiliz edebiyatı | ||
| 700 |
_aErdoğan, Acar _etranslator _9102172 |
||
| 700 | 1 |
_aFlintham, Thomas _9146223 |
|
| 942 |
_2ddc _cBK |
||
| 999 |
_c200461631 _d79843 |
||